Statistics for Melbourne Ethnic Groups

Click here to take the quiz!

General Stats

  • This quiz has been taken 75 times
  • The average score is 31 of 50

Answer Stats

PercentagePopulationEthnicity% Correct
8.5%355,000Chinese
97%
7.1%300,000Italian
95%
0.3%12,000Japanese
95%
28%1,190,000English
94%
0.5%20,000Russian
92%
3.2%135,000German
90%
3.9%160,000Greek
89%
2.4%105,000Vietnamese
87%
4.7%200,000Indian
85%
9.7%410,000Irish
85%
0.6%25,000French
84%
26%1,080,000Australian
82%
0.5%20,000Spanish
81%
0.3%12,000American
76%
0.4%17,000Korean
76%
0.8%35,000Turkish
76%
0.3%13,000Indonesian
73%
0.4%20,000South African
73%
0.3%13,000Thai
73%
0.4%20,000Pakistani
71%
7.8%330,000Scottish
71%
0.3%13,000Malay
69%
0.4%16,000Persian
69%
1.1%50,000Polish
69%
0.3%11,000Portuguese
69%
0.7%30,000Serbian
68%
0.8%35,000Croatian
65%
1.5%65,000Dutch
63%
0.3%15,000Egyptian
63%
0.3%12,000Ukrainian
63%
0.7%30,000New Zealander
60%
0.3%11,000Iraqi
58%
0.5%20,000Welsh
56%
1%45,000Lebanese
55%
1.3%60,000Filipino
53%
0.3%11,000Sudanese
53%
0.4%17,000Khmer
50%
0.4%16,000Samoan
48%
0.9%40,000Macedonian
47%
0.4%18,000Afghan
44%
1.5%65,000Maltese
44%
0.4%20,000Hungarian
40%
0.3%15,000Burmese
39%
0.2%10,000Nepalese
39%
0.4%17,000Maori
31%
0.3%11,000Cypriot
23%
0.3%14,000Punjabi
19%
1.5%65,000Sinhalese
15%
0.3%14,000Assyrian
11%
0.3%13,000Mauritian
3%

Score Distribution

Percentile by Number Answered

Percent of People with Each Score

Your Score History

You have not taken this quiz